000 00572nam a2200181Ia 4500
008 151018s9999 xx 000 0 und d
082 _bRBASDV15345
_a891.463
100 _aचंद्रकांत काकोडकर
245 _aमधुमीलन
250 _b1
260 _bचंद्रकांत
_c1975
300 _a80
600 _aचंद्रकांत काकोडकर
630 _aमधुमीलन
700 _aचंद्रकांत काकोडकर
730 _aमधुमीलन
942 _cBOOK
999 _c1016072
_d1016069